000 00657nam a2200193 a 4500
001 000018963
005 20200929165905.0
008 100521s1963 sp r 000 0 spa d
040 _aDO-SdBNP
_bspa
_cBNPHU
082 _axxx
_bC732
245 0 0 _aComentarios a la mater et magistra /
_cM. Brugarola S. I... [et al.].
260 _aMadrid :
_bCatólica,
_c1963.
300 _a769 p. ;
_c20 cm.
490 1 _aBiblioteca de Autores Cristianos
504 _aIncluye referencias bibliográficas y notas al pie de las páginas
700 1 _aGarcía y García de Castro, Rafael,
_etr.
_940800
830 0 _aBiblioteca de Autores Cristianos
_94245
049 _aBNGR
999 _c18481
_d18481